00377cam a2200157ua 45000010005000000080039000050400009000440820013000531000027000662450035000932500009001282600036001373000017001736530019001906530010002093371111019n ii |||gr||||Z||||||asm cMAIN a891.45131 aSobhapandit, Kamakhya,11aBarudcby Kamakhya Sobhapandit a1st. aGuwahati:bChandra Prakash,987. a144p:c23cm. aAssamese novel aBarud